Исследование закономерностей дробления руды при ее отбойке взрывными скважинами: доклад на Всесоюзном семинаре по выявлению резервов повышения производительности труда на горнорудных предприятиях, сентябрь 1963 г., г. Тырны-Ауз

Bibliografski detalji
Glavni autor: Бронников Д. М. Дмитрий Михайлович
Autori kompanije: Академия наук СССР (АН СССР) Институт горного дела им. А. А. Скочинского (ИГД) (570), Всесоюзный семинар по выявлению резервов повышения производительности труда на горнорудных предприятиях
Daljnji autori: Замесов Н. Ф.
Jezik:ruski
Izdano: Москва, Изд-во ИГД, 1963
Teme:
Format: MixedMaterials Knjiga
KOHA link:https://koha.lib.tpu.ru/cgi-bin/koha/opac-detail.pl?biblionumber=338244

MARC

LEADER 00000nam0a2200000 4500
001 338244
005 20231102005029.0
035 |a (RuTPU)RU\TPU\book\364733 
090 |a 338244 
100 |a 20171122d1963 km y0rusy50 ca 
101 0 |a rus 
102 |a RU 
105 |a a z 101zy 
200 1 |a Исследование закономерностей дробления руды при ее отбойке взрывными скважинами  |e доклад на Всесоюзном семинаре по выявлению резервов повышения производительности труда на горнорудных предприятиях, сентябрь 1963 г., г. Тырны-Ауз  |f Д. М. Бронников, Н. Ф. Замесов  |g Академия наук СССР (АН СССР), Институт горного дела им. А. А. Скочинского (ИГД)  
210 |a Москва  |c Изд-во ИГД  |d 1963 
215 |a 32 с.  |c ил. 
320 |a Библиография в конце книги 
606 1 |a Горные породы  |x Разрушение при взрывании  |x Исследование  |2 stltpush  |3 (RuTPU)RU\TPU\subj\8047  |9 35540 
610 1 |a семинары 
610 1 |a руды 
610 1 |a дробление 
610 1 |a отбойка 
610 1 |a взрывные скважины 
610 1 |a применение 
675 |a 622.236.4(063)  |v 4 
700 1 |a Бронников  |b Д. М.  |g Дмитрий Михайлович 
701 1 |a Замесов  |b Н. Ф. 
712 0 2 |a Академия наук СССР (АН СССР)  |b Институт горного дела им. А. А. Скочинского (ИГД)  |c (Люберцы)  |2 stltpush  |3 (RuTPU)RU\TPU\col\11351 
712 1 2 |a Всесоюзный семинар по выявлению резервов повышения производительности труда на горнорудных предприятиях  |c семинары  |e Тырны-Ауз  |f 1963  |4 570 
801 1 |a RU  |b 63413507  |c 20171122 
801 2 |a RU  |b 63413507  |c 20201105  |g RCR 
942 |c BK